| 000 | 00908nam a2200289Ia 4500 | ||
|---|---|---|---|
| 003 | OSt | ||
| 005 | 20220927103208.0 | ||
| 006 | a|||||r|||| 00| 0 | ||
| 007 | ta | ||
| 008 | 220926b |||||||| |||| 00| 0 eng d | ||
| 020 | _a9280718436 | ||
| 024 | _a6565 | ||
| 037 | _cReference Collections | ||
| 040 |
_aRTL _cRTL _beng |
||
| 041 |
_2eng _aeng |
||
| 082 | _a"X9(KZ332):2, P0/UN" | ||
| 110 |
_a"United Nations, Environment Programme" _9352081 |
||
| 245 | 0 | _aCleaner productioin assessment in fish processing | |
| 260 |
_aNew _bYork United Nations USA _c2000 |
||
| 300 |
_a99p _ccm. |
||
| 490 | _a"Danish Environmental Protection Agency, Publication" | ||
| 650 |
_a Fisheries _9355090 |
||
| 650 |
_aIndustrial Economics _9355091 |
||
| 700 |
_a"United Nations, Environment Programme" _9352083 |
||
| 942 |
_h"X9(KZ332):2, P0/UN" _cCC |
||
| 999 |
_c681779 _d681779 |
||